Directores/as de cine Argentinos 2 - Estadísticas

Estadísticas generales
  • Esta prueba ha sido intentada 12 veces
  • La puntuación promedio es 5 de 16
Estadísticas de respuestas
Imagen Hint Respuesta % Correcto
Sur/El Viaje "Pino" Solanas
75%
El Ángel/El Jockey Luis Ortega
58%
Camila/Señora de Nadie María Luisa Bemberg
58%
Carne/Fiebre Armando Bó
50%
Hombre Mirando al Sudeste/El Lado Oscuro del Corazón Eliseo Subiela
50%
Mamá/It Andy Muschietti
42%
Permitidos/El Robo del Siglo Ariel Winograd
42%
Climax/Vortex Gaspar Noé
42%
La Historia Oficial/Las Sorpresas Luis Puenzo
42%
Historias Minimas/El Cuaderno de Tomy Carlos Sorín
17%
La Patagonia Rebelde/La Noche de los Lapices Héctor Olivera
17%
XXY/Wakolda Lucía Puenzo
17%
Buenos Aires Viceversa/La Cruz Alejandro Agresti
8%
Evita/El Faro Eduardo Mignogna
8%
Un Novio para mi Mujer/Papeles en el Viento Juan Taratuto
0%
Un Cuento Chino/Kóblic Sebastián Borensztein
0%
No se encontraron pruebas coincidentes
Distribución de puntuación
Porcentaje de gente con cada puntuación
Porcentaje por número respondido
Historial de tus puntuaciones
No has intentado esta prueba.